Представление документа в формате MARC21

Поле Инд. ПП Название Значение
Тип записи a
Библиографический уровень m
001 Контрольный номер 151593808
005 Дата корректировки 20250814143712.0
020 a ISBN 5-94798-441-5
c Цена, тираж 189 р. 05 к.
090 a Полочн. индекс Ч21
x Авторский знак В 65
091 a Индекс ББК (DOS) Ч213я7
a Индекс ББК (DOS) Ю251я7
097 b Оператор *Ч*
b Оператор *А*
100 1_ a Автор Войтов А.Г.
245 10 a Заглавие История и философия науки
b Продолж. заглавия учебное пособие для аспирантов
b Продолж. заглавия в составе учебно-методического комплекса
260 a Место издания Москва
b Издательство Дашков и К
c Дата издания 2004
300 a Объем 692 с.
b Иллюстрации/ тип воспроизводства 1 л. ил.
440 _0 a Серия УМК-У
504 a Библиография Библиогр.: с. 677-690
516 8_ a Прим. о типе комп. файла/ данных Текст : непосредственный
650 04 a Основная рубрика Наука
a Основная рубрика Наука
x Основная подрубрика История
x Основная подрубрика Учебники и пособия
x Основная подрубрика Учебники и пособия
x Основная подрубрика Философские проблемы
653 0_ a Ключевые слова Идеология философии
a Ключевые слова История науки
a Ключевые слова Логическое философствование
a Ключевые слова Наука
a Ключевые слова Теоретизация философии
a Ключевые слова Философия науки
a Ключевые слова Философия филодоксии
a Ключевые слова Философские конгрессы
a Ключевые слова Фобософия
655 a Жанр/ форма (устаревшее) У
773 18 w Контрольный № источника 116104
901 t Тип документа m
905 a Дата создания записи 16.11.04
c Дата приписки 14.08.25
952 a Тип литературы для КСУ ВШ У2
952 e Факультет *ФУСК*
990 b Заказано (DOS) 2
c Приоритет заказа (DOS) д
f Даты поступлений (DOS) 20.10.04
g Размещение заказа (DOS) Кн. мир
h N записи в КСУ для Б/У (DOS) 94/2004
j Количество экземпляров (DOS) 2